Trend špeciál - automobil

Slovenský automobilový priemysel. Automobilový trh na Slovensku. Automobilový trh v Európskej únii. Výroba áut vo svete. Motory. Poistenie. Trend test. Navigácia. Novinky. Lízing. Cenníky.

Guardado en:
Detalles Bibliográficos
Formato: Capítulo de libro
Lenguaje:eslovaco
Materias:
Etiquetas: Agregar Etiqueta
Sin Etiquetas, Sea el primero en etiquetar este registro!

MARC

LEADER 00000naa$a2200000$$$4500
001 0064166
005 20231009073704.3
041 0 |a slo 
044 |a SK 
245 1 0 |a Trend špeciál - automobil 
520 |a Slovenský automobilový priemysel. Automobilový trh na Slovensku. Automobilový trh v Európskej únii. Výroba áut vo svete. Motory. Poistenie. Trend test. Navigácia. Novinky. Lízing. Cenníky. 
610 2 0 |a automobily 
610 2 0 |a automobily osobné 
610 2 0 |a trh 
610 2 0 |a výroba 
610 2 0 |a poistenie 
610 2 0 |a cenníky 
610 2 0 |a lízing 
610 2 0 |a Slovensko 
610 2 0 |a Európska únia